The 2004 RICS and Macdonald and Company salary and benefits survey (Record no. 103425)

MARC details
000 -LEADER
fixed length control field 01357cam a2200241 4500
001 - CONTROL NUMBER
control field J125517
008 - FIXED-LENGTH DATA ELEMENTS--GENERAL INFORMATION
fixed length control field 040322n2004 000 0 eng u
035 ## - SYSTEM CONTROL NUMBER
System control number (Sirsi) u125517
041 ## - LANGUAGE CODE
Language code of text/sound track or separate title eng
050 ## - LIBRARY OF CONGRESS CALL NUMBER
Classification number 331.281333
-- 18
110 ## - MAIN ENTRY--CORPORATE NAME
Corporate name or jurisdiction name as entry element Royal Institution of Chartered Surveyors
9 (RLIN) 4900
245 #4 - TITLE STATEMENT
Title The 2004 RICS and Macdonald and Company salary and benefits survey
260 ## - PUBLICATION, DISTRIBUTION, ETC.
Place of publication, distribution, etc. London
Name of publisher, distributor, etc. Macdonald and Co.
Date of publication, distribution, etc. 2004
300 ## - PHYSICAL DESCRIPTION
Extent 59p.
Dimensions 30cm.
520 ## - SUMMARY, ETC.
Summary, etc. Now in its fifth year, the annual RICS and Macdonald and Company "Salary and benefits survey", is the most comprehensive survey undertaken for the sector. Continuing the success of the earlier surveys, 2 825 UK and non-UK surveying professionals participated between late December 2003 and early February 2004. As well as statistics on current salaries, recent salary increases, bonuses and employment package benefits, the full report gives an insight into wider issues that are important to professionals in their working lives. View the report at www.rics.org.
650 ## - SUBJECT ADDED ENTRY--TOPICAL TERM
Topical term or geographic name entry element RICS SALARY AND BENEFITS SURVEYS
650 ## - SUBJECT ADDED ENTRY--TOPICAL TERM
Topical term or geographic name entry element SURVEYORS
650 ## - SUBJECT ADDED ENTRY--TOPICAL TERM
Topical term or geographic name entry element SURVEYING PROFESSION
690 ## - LOCAL SUBJECT ADDED ENTRY--TOPICAL TERM (OCLC, RLIN)
Topical term or geographic name as entry element MANAGEMENT-BUSINESS MANAGEMENT
710 ## - ADDED ENTRY--CORPORATE NAME
Corporate name or jurisdiction name as entry element Macdonald and Company
9 (RLIN) 3846
856 ## - ELECTRONIC LOCATION AND ACCESS
Uniform Resource Identifier <a href="https://www.rics.org/RICSWEB/getpage.aspx?p=NuOc_zkRgEWbQ2dxbghWwA">https://www.rics.org/RICSWEB/getpage.aspx?p=NuOc_zkRgEWbQ2dxbghWwA</a>
Public note View the report on the RICS website
942 ## - ADDED ENTRY ELEMENTS (KOHA)
Suppress in OPAC 0
Holdings
Withdrawn status Lost status Source of classification or shelving scheme Damaged status Not for loan Home library Current library Shelving location Date acquired Total Checkouts Full call number Barcode Date last seen Copy number Price effective from Koha item type Date last checked out
    Dewey Decimal Classification     London London RICS Boxes 30/06/2004   RICS 2004/17 30069375 06/08/2019 1 06/08/2019 Reference material  
    Dewey Decimal Classification     London London RICS Boxes 30/06/2004   RICS 2004/17 30068753 06/08/2019 2 06/08/2019 Reference material  
    Dewey Decimal Classification     London London RICS Boxes 30/06/2004 1 RICS 2004/17 30068757 06/08/2019 4 06/08/2019 Book 28/04/2005
    Dewey Decimal Classification     Virtual Virtual Online 22/03/2004   ONLINE PUBLICATION 125517-2001 06/08/2019 1 06/08/2019 Book